The Ultimate Showdown - Who Came Out of Nowhere Lightning Fast? - Statistics

General Stats
  • This quiz has been taken 9 times
  • The average score is 15 of 20
Answer Stats
Answer % Correct
Benito Mussolini
88%
Every Single Power Ranger
88%
Hulk Hogan
88%
Monty Python and the Holy Grail's Black Knight
88%
Spock
88%
The Rock
88%
The Terminator
88%
Bill S. Preston
75%
Cowboy Curtis
75%
Doc Ock
75%
Gandalf the Grey
75%
Gandalf the White
75%
Robocop
75%
Superman
75%
The Blue Meanie
75%
Theodore Logan
75%
Darth Vader
63%
Captain Kirk
50%
Jambi the Genie
50%
Lo Pan
50%
No matching quizzes found
Score Distribution
Percent of People with Each Score
Percentile by Number Answered
Your Score History
You have not taken this quiz